000 00339nam a2200133 a 4500
005 20140412111427.0
008 090701s19uu xx 00 eng d
020 _a1904725341
050 _aER
_b Q34 2006
245 _aQueenie:
_bthe quivering quilt.
260 _aGreat Britain :
_bHoo Ho House,
_c2006.
300 _a24
999 _c106249
_d106249